000 00424nam a2200145Ia 4500
008 231129s2018||||xx |||||||||||||| ||spa||
020 _a978-958-52009-3-7
040 _bspa
082 _aCo863 J42s
100 _aJavierre Juliana
245 0 _aSiete veces Lucí­a
260 _c2018
264 _aPereira Colombia : Alcaldí­a de Pereira. Secretarí­a de Cultura
942 _2ddc
_cBKS
999 _c24599
_d24599